000 00477cam a2200181 i 4500
005 20260223093335.0
008 250721s1989 xxk gr 000 0 eng d
020 _a0932883184
082 1 4 _a611
_bP O R
100 1 _aPoritsky, Ray
_eAuthor.
245 1 0 _aAnatomy to Color& study /
_cRay Poritsky.
264 3 1 _aLondon :
_bHanley & Belfus,
_c1989.
300 _a263 Page.
650 1 7 _aAnatomy.
650 1 7 _aTitle.
942 _2ddc
_cBK
999 _c46384
_d46384